[Event "Regionalliga NW 0102"]
[Site "Bayern"]
[Date "2002.03.17"]
[Round "7.7"]
[White "Elzinger, Wilfried"]
[Black "Bachmann, Claus"]
[Result "1-0"]
[WhiteElo "1975"]
[BlackElo "1800"]
[PlyCount "51"]
[EventDate "2001.10.07"]
[EventType "team-tourn"]
[EventRounds "9"]
[EventCountry "GER"]
[SourceTitle "EXT 2003"]
[Source "ChessBase"]
[SourceDate "2002.11.25"]
[SourceVersion "1"]
[SourceVersionDate "2002.11.25"]
[SourceQuality "1"]
[WhiteTeam "Coburg"]
[BlackTeam "Obernburg"]
[WhiteTeamCountry "GER"]
[BlackTeamCountry "GER"]

1. d4 Nf6 2. Bf4 e6 3. e3 d5 4. Bd3 c5 5. c3 Nc6 6. Bg3 Be7 7. Nd2 0-0 8. f4 b6 9. Ngf3 Bb7 10. Ne5 a5 11. Qf3 Re8 12. Bf2 Bf8 13. g4 c4 14. Bc2 b5 15. g5 Nxe5 16. fxe5 Ne4 17. h4 Nxd2 18. Kxd2 b4 19. Qh5 g6 20. Qg4 bxc3+ 21. bxc3 Ba3 22. h5 a4 23. hxg6 fxg6 24. Rxh7 Bb2 25. Rah1 Bxc3+ 26. Ke2 1-0

[Event "Regionalliga NW 0102"]
[Site "Bayern"]
[Date "2002.01.20"]
[Round "4.8"]
[White "Kuespert, Helmut"]
[Black "Bachmann, Claus"]
[Result "1-0"]
[WhiteElo "1945"]
[BlackElo "1800"]
[PlyCount "113"]
[EventDate "2001.10.07"]
[EventType "team-tourn"]
[EventRounds "9"]
[EventCountry "GER"]
[SourceTitle "EXT 2003"]
[Source "ChessBase"]
[SourceDate "2002.11.25"]
[SourceVersion "1"]
[SourceVersionDate "2002.11.25"]
[SourceQuality "1"]
[WhiteTeam "Marktleuthen"]
[BlackTeam "Obernburg"]
[WhiteTeamCountry "GER"]
[BlackTeamCountry "GER"]

1. e4 c6 2. d4 d5 3. exd5 cxd5 4. c4 Nf6 5. Nc3 Nc6 6. Nf3 Bg4 7. Be2 e6 8. c5 Be7 9. 0-0 0-0 10. a3 a5 11. Rb1 Bf5 12. Bd3 Ne4 13. Re1 Nxc3 14. bxc3 Bxd3 15. Qxd3 Qc7 16. g3 Bf6 17. Bf4 Qd7 18. Qb5 Ra7 19. a4 h6 20. Kg2 g5 21. Bd6 Be7 22. Bxe7 Qxe7 23. Rb2 Rd8 24. Qd3 Qd7 25. Rb5 Qc7 26. Ne5 Nxe5 27. Rxe5 Qe7 28. Rb6 Qd7 29. Qb5 Qxb5 30. Rxb5 Rc8 31. Re2 Kg7 32. Reb2 Rc7 33. h3 Rd7 34. f3 Rc7 35. Kf2 Kf6 36. Rb6 Ke7 37. f4 gxf4 38. gxf4 Kf6 39. Kf3 Kf5 40. Re2 Ra8 41. Re5+ Kf6 42. Rxd5 Rg8 43. Rh5 Rg1 44. Rxh6+ Kg7 45. Rh5 Ra1 46. c6 bxc6 47. Rxa5 Ra3 48. Rc5 Rxa4 49. Rbxc6 Rb7 50. f5 exf5 51. Rxf5 Rb3 52. Ke4 Rb1 53. Rc7 Re1+ 54. Kd3 Rh1 55. Rfxf7+ Kg6 56. Rf3 Raa1 57. Rc5 1-0